| 000 | 00703cam a2200217 4500 | ||
|---|---|---|---|
| 001 | 100 | ||
| 005 | 20181127160357.0 | ||
| 008 | 061106s2008 cauab b 001 0 eng | ||
| 010 | _a 2006938004 | ||
| 020 | _a0495095613 | ||
| 020 | _a9780495095613 | ||
| 245 | 0 | 0 |
_aCultural anthropology / _cWilliam A. Haviland ... [et al.]. |
| 250 | _aIndia edition | ||
| 260 |
_aNew Delhi: _bCengage Learning, _c2008. |
||
| 300 |
_a384 p. : _b ill., maps ; _c28 cm. |
||
| 504 | _aIncludes bibliographical references (p. 399-409) and index. | ||
| 650 | 0 | _aEthnology. | |
| 700 |
_aPrins, Harald E. L. _b _c _d _e _k _l _m _n _o _p _q _r _s _t |
||
| 700 | 1 | _aHaviland, William A. | |
| 700 | 1 |
_aHaviland, William A. _tCultural anthropology. |
|
| 999 |
_c85 _d85 |
||